| 000 | 00781nam a2200265 i 4500 | ||
|---|---|---|---|
| 001 | 35823 | ||
| 003 | BD-RjUL | ||
| 005 | 20211209052403.0 | ||
| 008 | 140610s1957 nyub b 001 0 eng d | ||
| 035 | _a(BD-RjUL)35918 | ||
| 040 |
_aDLC _cDLC _dDLC _dBD-RjUL _beng |
||
| 041 | _aeng | ||
| 082 | 0 | 0 |
_a320.15 _219 _bKOB 1957 |
| 100 | 1 |
_aKohr, Leopold, _d1909-1994. _9109111 |
|
| 245 | 1 | 4 |
_aThe breakdown of nations / _cLeopold Kohr |
| 260 |
_aLondon : _bRoutledge & Kegan Paul, _cc1957. |
||
| 300 |
_axxi, 244 p. : _bill; _c22 cm. |
||
| 504 | _aBibliography: p. 242-244.and index. | ||
| 650 | 0 |
_aStates, Small. _912391 |
|
| 650 | 0 |
_aStates, Size of. _9109112 |
|
| 650 | 0 |
_aEconomic development. _9109113 |
|
| 942 |
_2ddc _cBK |
||
| 999 |
_c35823 _d35823 |
||